000 01947cam a22004454i 4500
003 PE-LiUPU
005 20250731165412.0
008 151030s2007 pe a grm 000 0 spa d
035 _a(Sirsi) a155103
040 _aPE-LiUPU
_bspa
_cPE-LiUPU
_erda
099 _aTPS 2
_P18 2007
100 1 _aPajkuric Bustos, Priscila Cristina Jazmin
_eautor
245 1 _aEstudio de clima organizacional en el hospital Herminda Martín de la ciudad de Chillán, 8° Región, Chile /
_cPriscila Cristina Jazmin Pajkuric Bustos.
264 0 _c2007.
300 _a91 hojas :
_bilustraciones;
_c31 cm
336 _atext
_2rdacontent
337 _aunmediated
_2rdamedia
338 _avolume
_2rdacarrier
502 _aTesis
_b(Lic.) --
_cUniversidad Peruana Unión,
_d2007.
504 _aIncluye referencias
520 3 _aLa presente tesis resume un estudio de Clima Organizacional realizado en el Hospital Herminia de la ciudad de Chillan, octava región de Chile. En este trabajo se analizaron las respuestas de todos los funcionarios que laboran en este nosocomio repartidos en cuarenta y siete unidades. El resultado del estudio muestra un clima organizacional medianamente bueno en el hospital en cuestión. El índice de clima organizacional mas deficiente lo presenta la unidad de medicina siguiéndole otras seis unidades mas con índices negativos, entre los cuales se destacan pediatría y maternidad.
526 _aSEG44
526 _aSEG26
526 _aP151
526 _aP150
526 _aP149
526 _aP146
526 _aP145
526 _aP126
526 _aP125
526 _aP92
526 _aP75
526 _aP74
526 _aP27
526 _aP15
650 0 4 _aCultura corporativa
_xChillán, Chile.
596 _a1
942 _2ddc
_cTESIS
999 _aTPS 2 P18 2007
_wALPHANUM
_c7794
_iT00981
_lCCODEBUL3
_mBUL
_r1
_sY
_tTESIS
_u2015-10-30
_xSALUD
_PP33
_o.STAFF. Tesis
_d7794
980 _81
_gALBERTO SANCHEZ Responsable de Automatización